000 00967cab a2200241 4500
001 ABS46513
008 090401t1992 xxu||||| |||| 00| 0 eng d
035 _a(Sirsi) u58619
041 _aeng
245 _aFoundations and piling
260 _c1992
350 _a0
490 _aBuilding
_v257(7749) 12 June 1992, 44-50(5)
520 _aSpecial feature on foundations and piling including articles on the new European design code for foundations, how short cuts in site investigation can delay 50% of all construction projects, a new database highlighting areas where problematic ground conditions are to be expected and how record subsidence claims are causing a rethink in house foundation design.
650 _aCOMPUTERS
650 _aEC7
650 _aICE
650 _aMANAGEMENT-BUSINESS MANAGEMENT-INFORMATION MANAGEMENT
650 _aSITE INVESTIGATIONS
690 _aBUILT ENVIRONMENT-CONSTRUCTION DESIGN
942 _n0
948 _c04/03/1997
999 _c35826
_d35826